| 000 | 00624nam a22001697a 4500 | ||
|---|---|---|---|
| 005 | 20251108165207.0 | ||
| 008 | 250721s1985 xx 000 0 ara d | ||
| 082 | 1 | 4 | _a910.4/رحل |
| 100 | 1 |
_aجبر، يحيى عبد الرؤوف _eجامع |
|
| 245 | 1 | 0 |
_aالرحله التنوخيه رحلة عزالدين التنوخي من الزرقاء إلى القريات : _bرحلة عزالدين التنوخي من الزرقاء إلى القريات / |
| 264 | 1 |
_aعمان : _c1985. |
|
| 300 | _a64ص. | ||
| 490 | 0 | _aالأسفار العربيه ؛4 | |
| 650 | 1 | 7 | _aالسفر |
| 942 |
_2ddc _cBK |
||
| 999 |
_c21778 _d21778 |
||